000 00585nam a2200181 4500
001 113021
003 ES-MaACL
005 20240429104934.0
007 t|
008 061121s1969 sp r ||||1| spa d
100 1 _aNulli, Domenico.
_986131
245 1 0 _aFederico el Grande /
_cDomenico Nulli ; traducción y adaptación de José María Alonso Gamo.
260 _aMadrid :
_bPrensa Española,
_c1969.
300 _a75 p., 2 lám. :
_bil. ;
_c29 cm.
700 0 _aAlonso Gamo, José María,
_d1913-1993
_920317
852 _aES-MaACL
_jC-35753
_bR.69214
999 _c113021
_d113021